[Event "BCF-chT2a 1920 (4NCL)"]
[Site "Daventry"]
[Date "2020.03.01"]
[Round "2.13"]
[White "Coathup, Roger"]
[Black "Blackburn, Jonathan LB"]
[Result "1/2-1/2"]
[WhiteElo "2152"]
[BlackElo "2242"]
[PlyCount "93"]
[EventDate "2020.01.11"]
[EventType "team-tourn"]
[EventRounds "11"]
[EventCountry "ENG"]
[SourceTitle "CBM 195 Extra"]
[Source "ChessBase"]
[SourceDate "2020.05.31"]
[SourceVersion "1"]
[SourceVersionDate "2020.05.31"]
[SourceQuality "1"]
[WhiteTeam "North East England"]
[BlackTeam "West is Best"]
[WhiteTeamCountry "ENG"]
[BlackTeamCountry "ENG"]

1. d4 Nf6 2. c4 g6 3. Nc3 Bg7 4. e4 0-0 5. Bg5 c5 6. d5 a6 7. a4 Qa5 8. Bd2 e6 9. Nf3 exd5 10. exd5 d6 11. Be2 Bg4 12. 0-0 Qc7 13. h3 Bxf3 14. Bxf3 Nbd7 15. Qc2 Ne8 16. Rae1 Be5 17. Bd1 Ng7 18. f4 Bd4+ 19. Kh2 f5 20. Bf3 Bf6 21. b3 Rab8 22. Re2 Rfe8 23. Rxe8+ Rxe8 24. Re1 Qd8 25. Qd3 Rxe1 26. Bxe1 g5 27. g3 gxf4 28. gxf4 Bh4 29. Bd2 Qf6 30. Qe2 Nf8 31. Nd1 Qh6 32. Nf2 Qg6 33. Nh1 Qf6 34. Ng3 Qb2 35. Qe3 Bf6 36. Bd1 Ng6 37. Kh1 Qb1 38. Qe2 Bd4 39. Kh2 Qb2 40. Nf1 Kf8 41. Kg3 Bf6 42. Qd3 Qd4 43. Qxd4 Bxd4 44. Be1 Kf7 45. Kf3 Nh5 46. Bd2 Nh4+ 47. Ke2 1/2-1/2

[Event "BCF-chT1d 1819 (4NCL) Demotion pool"]
[Site "England"]
[Date "2019.05.06"]
[Round "11.63"]
[White "Coathup, Roger"]
[Black "Hoffmann, Hendrik"]
[Result "0-1"]
[WhiteElo "2145"]
[BlackElo "2258"]
[PlyCount "68"]
[EventDate "2018.11.10"]
[EventType "team-tourn"]
[EventRounds "4"]
[EventCountry "ENG"]
[SourceTitle "CBM 190 Extra"]
[Source "ChessBase"]
[SourceDate "2019.07.15"]
[SourceVersion "1"]
[SourceVersionDate "2019.07.15"]
[SourceQuality "1"]
[WhiteTeam "North East England"]
[BlackTeam "Celtic Tigers"]
[WhiteTeamCountry "ENG"]
[BlackTeamCountry "ENG"]

1. c4 Nf6 2. d4 c6 3. Nc3 d5 4. cxd5 cxd5 5. Bf4 Nh5 6. Bxb8 Rxb8 7. e4 Nf6 8. e5 Ne4 9. Bd3 Nxc3 10. bxc3 Qa5 11. Ne2 e6 12. 0-0 Be7 13. Qb3 0-0 14. a4 Bd7 15. f4 f5 16. Rfb1 h6 17. c4 Bc6 18. Nc3 Rfd8 19. cxd5 Bxd5 20. Bc4 Bxc4 21. Qxc4 Rxd4 22. Qxe6+ Kh8 23. Qxe7 Qxc3 24. Ra3 Qc2 25. Rf1 Rbd8 26. Rg3 R4d7 27. Qb4 Rd1 28. Rgf3 Rxf1+ 29. Rxf1 b6 30. Qe7 Rd2 31. Qb7 Qc5+ 32. Kh1 Rf2 33. Rg1 Rxf4 34. Qxa7 Re4 0-1

[Event "BCF-chT1a 1819 (4NCL)"]
[Site "England"]
[Date "2019.03.16"]
[Round "7.14"]
[White "Pert, Nicholas"]
[Black "Coathup, Roger"]
[Result "1-0"]
[WhiteElo "2560"]
[BlackElo "2156"]
[PlyCount "79"]
[EventDate "2018.11.10"]
[EventType "team-tourn"]
[EventRounds "7"]
[EventCountry "ENG"]
[SourceTitle "CBM 189 Extra"]
[Source "ChessBase"]
[SourceDate "2019.06.03"]
[SourceVersion "1"]
[SourceVersionDate "2019.06.03"]
[SourceQuality "1"]
[WhiteTeam "Guildford"]
[BlackTeam "North East England"]
[WhiteTeamCountry "ENG"]
[BlackTeamCountry "ENG"]

1. d4 Nf6 2. Nf3 g6 3. c4 Bg7 4. Nc3 0-0 5. Bg5 h6 6. Bh4 c5 7. d5 d6 8. e3 Qb6 9. Qc2 Bf5 10. e4 Bg4 11. Nd2 e5 12. f3 Bd7 13. g4 Na6 14. a3 Nh7 15. Bd3 Bf6 16. Bf2 Bg5 17. h4 Bf4 18. Ne2 g5 19. hxg5 hxg5 20. Kf1 Kg7 21. Kg2 Rh8 22. b4 Nf6 23. Nxf4 gxf4 24. Be2 Rxh1 25. Rxh1 Rh8 26. Rxh8 Kxh8 27. Qb1 Qc7 28. Nb3 cxb4 29. axb4 Nxb4 30. c5 b6 31. c6 Bc8 32. Nd4 Na6 33. Qa1 Nc5 34. Nb5 Qd8 35. Qxa7 Kg7 36. Qc7 Qxc7 37. Nxc7 Kf8 38. Na8 Ke8 39. Nxb6 Kd8 40. Bh4 1-0

[Event "BCF-chT1a 1819 (4NCL)"]
[Site "England"]
[Date "2019.02.09"]
[Round "5.34"]
[White "Coathup, Roger"]
[Black "Haria, Ravi"]
[Result "0-1"]
[WhiteElo "2139"]
[BlackElo "2436"]
[PlyCount "56"]
[EventDate "2018.11.10"]
[EventType "team-tourn"]
[EventRounds "7"]
[EventCountry "ENG"]
[SourceTitle "CBM 188 Extra"]
[Source "ChessBase"]
[SourceDate "2019.02.26"]
[SourceVersion "1"]
[SourceVersionDate "2019.02.26"]
[SourceQuality "1"]
[WhiteTeam "North East England"]
[BlackTeam "Wood Green"]
[WhiteTeamCountry "ENG"]
[BlackTeamCountry "ENG"]

1. d4 e6 2. c4 d5 3. Nc3 a6 4. e4 dxe4 5. Nxe4 Bb4+ 6. Nc3 c5 7. a3 Ba5 8. Nf3 Nf6 9. Bg5 cxd4 10. Nxd4 Bxc3+ 11. bxc3 Qa5 12. Bd2 0-0 13. Be2 Rd8 14. Qc2 h6 15. 0-0 e5 16. Nb3 Qc7 17. Be3 Ng4 18. Bxg4 Bxg4 19. Nc5 Nd7 20. Nxd7 Bxd7 21. Rab1 Qxc4 22. Rxb7 Bb5 23. Rc1 Rd3 24. Ba7 Qd5 25. Rb8+ Rxb8 26. Bxb8 Rd2 27. Qb1 Bc6 28. f3 Rxg2+ 0-1

[Event "Northumberland-ch Zollner"]
[Site "Northumberland"]
[Date "2018.11.24"]
[Round "2"]
[White "Moreby, James"]
[Black "Coathup, Roger"]
[Result "1/2-1/2"]
[WhiteElo "207"]
[BlackElo "195"]
[PlyCount "65"]
[EventDate "2018.10.27"]
[EventType "swiss"]
[EventRounds "7"]
[EventCountry "ENG"]
[SourceTitle "EXT 2020"]
[Source "ChessBase"]
[SourceDate "2019.10.17"]
[SourceVersion "1"]
[SourceVersionDate "2019.10.17"]
[SourceQuality "1"]

1. d4 Nf6 2. c4 g6 3. Nc3 Bg7 4. e4 d6 5. Be2 0-0 6. Be3 c6 7. g4 Qa5 8. f3 e5 9. d5 cxd5 10. cxd5 a6 11. h4 b5 12. h5 Nbd7 13. hxg6 fxg6 14. Rb1 b4 15. Qa4 Qxa4 16. Nxa4 h5 17. g5 Ne8 18. Nh3 Nc7 19. Nf2 Nb5 20. 0-0 Nd4 21. Bxd4 exd4 22. Rbc1 Rb8 23. Rc6 Ne5 24. Rxd6 Nxf3+ 25. Bxf3 Rxf3 26. Kg2 Re3 27. Rb6 Be5 28. Rxg6+ Kf7 29. Rh6 Rg3+ 30. Kh1 Kg7 31. Rxh5 Kg6 32. Rh4 Kxg5 33. Rh7 1/2-1/2

[Event "BCF-chT2b 1718 (4NCL)"]
[Site "England"]
[Date "2018.02.11"]
[Round "6.57"]
[White "Shepley, Julien M"]
[Black "Coathup, Roger"]
[Result "0-1"]
[WhiteElo "2003"]
[BlackElo "2177"]
[PlyCount "86"]
[EventDate "2017.11.11"]
[EventType "team-tourn"]
[EventRounds "7"]
[EventCountry "ENG"]
[SourceTitle "EXT 2020"]
[Source "ChessBase"]
[SourceDate "2019.10.17"]
[SourceVersion "1"]
[SourceVersionDate "2019.10.17"]
[SourceQuality "1"]
[WhiteTeam "Guildford III"]
[BlackTeam "North East England"]
[WhiteTeamCountry "ENG"]
[BlackTeamCountry "ENG"]

1. e4 c5 2. Nf3 e6 3. d4 cxd4 4. Nxd4 a6 5. Bd3 Nf6 6. c4 Qc7 7. Nc3 Nc6 8. Be3 Ne5 9. Qe2 Nfg4 10. Nc2 Nxd3+ 11. Qxd3 Ne5 12. Qd4 Nxc4 13. 0-0 Nxe3 14. Nxe3 Qc5 15. Qd3 Be7 16. Rac1 Qd6 17. Qe2 0-0 18. f4 b5 19. a3 Bb7 20. Kh1 Rac8 21. f5 Bg5 22. Rcd1 Qe7 23. e5 f6 24. exf6 Bxf6 25. fxe6 Qxe6 26. Qd3 Bxc3 27. Rxf8+ Rxf8 28. Qxc3 Re8 29. Re1 Qg6 30. Qd2 Bc6 31. Kg1 h6 32. Nc2 Rxe1+ 33. Nxe1 Qg4 34. Nc2 Qe4 35. Nd4 Bd5 36. Nf3 d6 37. Qd4 Kf7 38. Kf2 Qc2+ 39. Kg3 Qg6+ 40. Kf2 Qc2+ 41. Kg3 Bxf3 42. gxf3 Qc5 43. Qf4+ Ke7 0-1

[Event "GBR-ch 104th"]
[Site "Llandudno"]
[Date "2017.08.02"]
[Round "5"]
[White "Coathup, Roger"]
[Black "Lentzos, Ioanis"]
[Result "1/2-1/2"]
[WhiteElo "2151"]
[BlackElo "2038"]
[PlyCount "189"]
[EventDate "2017.07.29"]
[EventType "swiss"]
[EventRounds "9"]
[EventCountry "WLS"]
[SourceTitle "CBM 179 Extra"]
[Source "ChessBase"]
[SourceDate "2017.08.23"]
[SourceVersion "1"]
[SourceVersionDate "2017.08.23"]
[SourceQuality "1"]

1. c4 c5 2. g3 Nc6 3. Bg2 g6 4. e3 Bg7 5. Ne2 Nf6 6. Nbc3 e6 7. d4 cxd4 8. exd4 d5 9. cxd5 Nxd5 10. Nxd5 exd5 11. Be3 0-0 12. Qd2 Bf5 13. Nc3 Be6 14. 0-0 Re8 15. Rfd1 Rc8 16. Rac1 Qd7 17. Qc2 Na5 18. Qa4 Qxa4 19. Nxa4 Rxc1 20. Rxc1 Nc4 21. Nc3 Nxe3 22. fxe3 Rc8 23. Kf2 Kf8 24. Ke2 Ke7 25. Kd2 Bh6 26. Bf3 a6 27. Ne2 Rxc1 28. Nxc1 Kd6 29. Nd3 Bg7 30. Nc5 Bc8 31. Be2 f5 32. Kc3 Bh6 33. Kd2 Bg7 34. a3 a5 35. Bb5 b6 36. Na4 Kc7 37. Be8 Be6 38. Nc3 Kd6 39. Bb5 Bf6 40. Ba6 Bd7 41. Be2 Bd8 42. Bf3 Bc6 43. Ke1 Bc7 44. Be2 Ke6 45. Kf2 g5 46. Kf3 Be8 47. Ba6 Bc6 48. Bd3 h6 49. Ba6 Bd8 50. h3 Bc7 51. Bd3 h5 52. Kf2 f4 53. exf4 gxf4 54. g4 hxg4 55. hxg4 Kf6 56. Kf3 Kg5 57. Bb5 Bb7 58. Bd7 Bd8 59. Be6 Bf6 60. Bxd5 Bxd5+ 61. Nxd5 Bxd4 62. b3 b5 63. Nxf4 Kf6 64. Ke4 Bb2 65. a4 bxa4 66. bxa4 Kg5 67. Kf3 Kf6 68. Nd3 Bc3 69. Kf4 Bd2+ 70. Ke4 Kg5 71. Kf3 Kf6 72. Nb2 Bc3 73. Nc4 Kg5 74. Nd6 Bb2 75. Ne4+ Kg6 76. Kf4 Bd4 77. Nd6 Bb6 78. Ne4 Bd4 79. Nd2 Bc3 80. Nc4 Kf6 81. Ne3 Bd2 82. Kf3 Kg5 83. Nd5 Bc1 84. Nc3 Bb2 85. Ne4+ Kg6 86. Kf4 Bd4 87. Nd2 Bc3 88. Nf3 Bb2 89. Nh4+ Kf6 90. g5+ Ke6 91. Ke4 Kd6 92. Nf3 Bh8 93. Nd4 Kc5 94. Nb3+ Kb4 95. Nxa5 1/2-1/2

[Event "GBR-ch 104th"]
[Site "Llandudno"]
[Date "2017.08.01"]
[Round "4"]
[White "Willson, Ollie"]
[Black "Coathup, Roger"]
[Result "1-0"]
[WhiteElo "2032"]
[BlackElo "2151"]
[PlyCount "66"]
[EventDate "2017.07.29"]
[EventType "swiss"]
[EventRounds "9"]
[EventCountry "WLS"]
[SourceTitle "CBM 179 Extra"]
[Source "ChessBase"]
[SourceDate "2017.08.23"]
[SourceVersion "1"]
[SourceVersionDate "2017.08.23"]
[SourceQuality "1"]

1. d4 Nf6 2. c4 g6 3. Nc3 Bg7 4. e4 d6 5. Nf3 0-0 6. h3 e5 7. d5 Nh5 8. g3 f5 9. Bg2 Na6 10. exf5 gxf5 11. Ng5 Nf6 12. 0-0 h6 13. Nf3 Nc5 14. b4 Nce4 15. Nxe4 Nxe4 16. Bb2 a5 17. a3 Qe8 18. Nd2 Nf6 19. Qb3 Qg6 20. c5 axb4 21. axb4 Rxa1 22. Bxa1 f4 23. b5 fxg3 24. fxg3 Nh5 25. Rxf8+ Bxf8 26. Kh2 Be7 27. Ne4 Bf5 28. Qe3 Kh7 29. b6 cxb6 30. cxd6 Bf6 31. Nxf6+ Nxf6 32. Qxe5 Kg7 33. Qe7+ Qf7 1-0

[Event "GBR-ch 104th"]
[Site "Llandudno"]
[Date "2017.07.29"]
[Round "1"]
[White "McShane, Luke J"]
[Black "Coathup, Roger"]
[Result "1-0"]
[WhiteElo "2644"]
[BlackElo "2151"]
[PlyCount "91"]
[EventDate "2017.07.29"]
[EventType "swiss"]
[EventRounds "9"]
[EventCountry "WLS"]
[SourceTitle "CBM 179 Extra"]
[Source "ChessBase"]
[SourceDate "2017.08.23"]
[SourceVersion "1"]
[SourceVersionDate "2017.08.23"]
[SourceQuality "1"]

1. g3 c5 2. Bg2 Nc6 3. e4 e6 4. Ne2 Nf6 5. 0-0 Be7 6. d4 cxd4 7. Nxd4 d5 8. exd5 exd5 9. Nc3 0-0 10. Be3 Bg4 11. Qd2 Qd7 12. Rfe1 Rfe8 13. a3 Ne5 14. b3 Bc5 15. f3 Bxd4 16. Bxd4 Nxf3+ 17. Bxf3 Bxf3 18. Bxf6 gxf6 19. Rf1 Qg4 20. Qf2 Be4 21. Qxf6 Qg7 22. Nxe4 Rxe4 23. Rad1 d4 24. Rd2 Rae8 25. Qf5 R8e7 26. Rdf2 Qg6 27. Qd5 Qe6 28. Qa5 b6 29. Qb5 Qe5 30. Qc4 Qe6 31. Qd3 Qg4 32. Rf4 Qg6 33. Rf5 Qg4 34. Qd2 Qe2 35. Qg5+ Kf8 36. Qh6+ Ke8 37. Qc6+ Kf8 38. Qh6+ Ke8 39. R5f2 Qg4 40. Qxh7 Re1 41. Qh8+ Kd7 42. Rxf7 Rxf1+ 43. Rxf1 Rg7 44. Qf8 d3 45. cxd3 Qd4+ 46. Qf2 1-0

[Event "BCF-chT1d 1617 (4NCL) Demotion pool"]
[Site "England"]
[Date "2017.04.29"]
[Round "9.53"]
[White "Bates, Richard"]
[Black "Coathup, Roger"]
[Result "1-0"]
[WhiteElo "2341"]
[BlackElo "2159"]
[PlyCount "53"]
[EventDate "2016.11.19"]
[EventType "team-tourn"]
[EventRounds "4"]
[EventCountry "ENG"]
[SourceTitle "EXT 2018"]
[Source "ChessBase"]
[SourceDate "2017.10.13"]
[SourceVersion "1"]
[SourceVersionDate "2017.10.13"]
[SourceQuality "1"]
[WhiteTeam "Blackthorne Russia"]
[BlackTeam "North East England"]
[WhiteTeamCountry "ENG"]
[BlackTeamCountry "ENG"]

1. d4 Nf6 2. Nf3 g6 3. g3 Bg7 4. Bg2 0-0 5. 0-0 d6 6. c4 Nc6 7. Nc3 a6 8. b3 Rb8 9. d5 Nxd5 10. cxd5 Bxc3 11. Bh6 Ne5 12. Bxf8 Bxa1 13. Bxe7 Qxe7 14. Qxa1 Nxf3+ 15. Bxf3 Bf5 16. Qd4 b6 17. Rc1 Ra8 18. Rc4 Ra7 19. Qc3 a5 20. g4 Bc8 21. Re4 Qd8 22. h4 f5 23. gxf5 gxf5 24. Re3 c5 25. dxc6 Rg7+ 26. Kf1 d5 27. Bh5 1-0

[Event "BCF-chT1b 1617 (4NCL)"]
[Site "England"]
[Date "2017.03.04"]
[Round "7.55"]
[White "Le Roux, Jean Pierre"]
[Black "Coathup, Roger"]
[Result "1-0"]
[WhiteElo "2544"]
[BlackElo "2159"]
[PlyCount "173"]
[EventDate "2016.11.19"]
[EventType "team-tourn"]
[EventRounds "7"]
[EventCountry "ENG"]
[SourceTitle "EXT 2018"]
[Source "ChessBase"]
[SourceDate "2017.10.13"]
[SourceVersion "1"]
[SourceVersionDate "2017.10.13"]
[SourceQuality "1"]
[WhiteTeam "Guildford"]
[BlackTeam "North East England"]
[WhiteTeamCountry "ENG"]
[BlackTeamCountry "ENG"]

1. e4 c5 2. Nc3 a6 3. g3 b5 4. Bg2 Bb7 5. d3 e6 6. Nh3 Nf6 7. 0-0 d6 8. f4 Be7 9. e5 Bxg2 10. Kxg2 Nd5 11. Nxd5 exd5 12. Qf3 dxe5 13. fxe5 0-0 14. Nf4 Nc6 15. Qxd5 Nb4 16. Qxd8 Raxd8 17. Rf2 Nc6 18. a4 Nxe5 19. axb5 axb5 20. Re2 Bd6 21. Ra6 Rfe8 22. b3 Bf8 23. Rb6 b4 24. h3 Ng6 25. Rxe8 Nxf4+ 26. Bxf4 Rxe8 27. Kf3 f5 28. Rb7 g6 29. Rc7 Re6 30. Be3 Re5 31. Rb7 Re6 32. Rd7 Rd6 33. Rc7 Rd5 34. g4 Re5 35. Bf4 Rd5 36. Be3 Re5 37. Rb7 fxg4+ 38. hxg4 h5 39. gxh5 Rxh5 40. Rc7 Rh2 41. Rc8 Kf7 42. Bxc5 Bxc5 43. Rxc5 Ke6 44. Ke3 Kd6 45. Rc4 g5 46. Kf3 Kd5 47. Kg4 Rg2+ 48. Kf5 Kd6 49. Rxb4 Rxc2 50. Rd4+ Ke7 51. Kxg5 Ke6 52. Kf4 Rf2+ 53. Ke3 Rb2 54. Rb4 Kd5 55. Rb8 Rh2 56. Rd8+ Kc5 57. d4+ Kc6 58. Kd3 Kb5 59. Rb8+ Kc6 60. Kc3 Kd5 61. Rb5+ Kc6 62. Rg5 Rh1 63. Rc5+ Kd6 64. Kc4 Rc1+ 65. Kb5 Rd1 66. Rc8 Kd7 67. Rc4 Kd6 68. b4 Rb1 69. Rc8 Rb2 70. Rh8 Kc7 71. Rh6 Rd2 72. Rc6+ Kb7 73. Rc4 Rh2 74. Kc5 Kc7 75. b5 Rh5+ 76. d5 Rh6 77. Re4 Rh5 78. Re7+ Kd8 79. Rg7 Rh6 80. b6 Kc8 81. Rg8+ Kb7 82. Rg7+ Kc8 83. d6 Rh1 84. Rg8+ Kb7 85. d7 Rc1+ 86. Kb4 Rb1+ 87. Kc3 1-0

[Event "BCF-chT2c 1516 (4NCL)"]
[Site "England"]
[Date "2016.04.30"]
[Round "9.224"]
[White "Maciol, Ryszard"]
[Black "Coathup, Roger"]
[Result "1/2-1/2"]
[WhiteElo "2174"]
[BlackElo "2147"]
[PlyCount "103"]
[EventDate "2015.11.14"]
[EventType "team-swiss"]
[EventRounds "11"]
[EventCountry "ENG"]
[SourceTitle "EXT 2017"]
[Source "ChessBase"]
[SourceDate "2016.10.25"]
[SourceVersion "1"]
[SourceVersionDate "2016.10.25"]
[SourceQuality "1"]
[WhiteTeam "Celtic Tigers"]
[BlackTeam "North East England"]
[WhiteTeamCountry "ENG"]
[BlackTeamCountry "ENG"]

1. d4 Nf6 2. c4 g6 3. Nc3 Bg7 4. e4 d6 5. Be2 0-0 6. Bg5 c5 7. d5 e6 8. Qd2 exd5 9. cxd5 Re8 10. f3 a6 11. a4 Qa5 12. Ra3 Nbd7 13. Nh3 Ne5 14. Nf2 Qb4 15. 0-0 Nc4 16. Bxc4 Qxc4 17. Nd3 Nd7 18. Rc1 Qd4+ 19. Kh1 Bf8 20. Ne2 Qg7 21. b4 b6 22. Be3 Ne5 23. a5 Nxd3 24. Rxd3 cxb4 25. Bxb6 f5 26. Qxb4 fxe4 27. fxe4 Qe5 28. Ng3 Bh6 29. Bd4 Qe7 30. Rf1 Rf8 31. Rxf8+ Bxf8 32. Rf3 Bg4 33. Rf4 Qd7 34. Bb2 Re8 35. h3 Bd1 36. Rf1 Ba4 37. Qd2 Bb5 38. Rf2 Bg7 39. e5 dxe5 40. Ne4 Rf8 41. Rxf8+ Kxf8 42. Nc5 Qd6 43. Ne4 Qd7 44. Ng5 Kg8 45. Ne6 Bc6 46. Nxg7 Kxg7 47. Bxe5+ Kg8 48. d6 Qxh3+ 49. Bh2 Qe6 50. Kg1 Kf7 51. Bg3 Qd5 52. Qxd5+ 1/2-1/2

[Event "BCF-chT2b 1516 (4NCL)"]
[Site "England"]
[Date "2016.03.19"]
[Round "7.17"]
[White "Brau, Julio"]
[Black "Coathup, Roger"]
[Result "0-1"]
[WhiteElo "2076"]
[BlackElo "2185"]
[PlyCount "116"]
[EventDate "2015.11.14"]
[EventType "team-tourn"]
[EventRounds "7"]
[EventCountry "ENG"]
[SourceTitle "EXT 2017"]
[Source "ChessBase"]
[SourceDate "2016.10.25"]
[SourceVersion "1"]
[SourceVersionDate "2016.10.25"]
[SourceQuality "1"]
[WhiteTeam "Cambridge II"]
[BlackTeam "North East England"]
[WhiteTeamCountry "ENG"]
[BlackTeamCountry "ENG"]

1. e4 c5 2. Nf3 e6 3. d4 cxd4 4. Nxd4 a6 5. Nc3 Qc7 6. Be2 Nf6 7. 0-0 Bb4 8. Qd3 Nc6 9. Nxc6 dxc6 10. Bf3 e5 11. a3 Be7 12. Qe2 0-0 13. Be3 b5 14. g4 Be6 15. b3 Nd7 16. Bg2 Bc5 17. Bxc5 Nxc5 18. Qe3 Nd7 19. h3 Rfd8 20. Ne2 Nf8 21. f4 exf4 22. Nxf4 Qa7 23. Qxa7 Rxa7 24. e5 c5 25. a4 b4 26. Rad1 Rad7 27. Bf3 c4 28. Rxd7 Rxd7 29. Nxe6 fxe6 30. bxc4 Rc7 31. Be2 Nd7 32. Rd1 Nxe5 33. Rd6 Nxc4 34. Bxc4 Rxc4 35. Rxa6 Rxc2 36. Rb6 Rb2 37. a5 Kf7 38. a6 Kf6 39. a7 Ra2 40. Rb7 b3 41. Rxb3 Rxa7 42. Kf2 Ra5 43. Kg3 Rd5 44. Rf3+ Kg6 45. Re3 e5 46. h4 h5 47. gxh5+ Kxh5 48. Kh3 Kg6 49. Rg3+ Kf5 50. Rf3+ Ke6 51. Kg4 Rd7 52. Kg5 e4 53. Re3 Ke5 54. Kg6 Kf4 55. Re1 e3 56. h5 Ke4 57. Rc1 e2 58. Rc8 Re7 0-1